| 000 | 01004cam a2200253 4500 | ||
|---|---|---|---|
| 008 | 000000n2000 000 0 eng u | ||
| 020 | _a0419227709 | ||
| 035 | _a(Sirsi) u110425 | ||
| 041 | _a691 | ||
| 100 | _aBaker, Nick | ||
| 245 | _aEnergy and environment in architecture : a technical design guide. | ||
| 260 |
_aLondon _bSpon Press _c2000 |
||
| 300 | _aix, 224p. ; 28cm. | ||
| 350 | _a35.00 | ||
| 520 | _aThis technical design guide deals with environmental issues effecting the design of buildings. The book aims to assist designers in predicting the energy use for lighting, heating, cooling and ventilation. It also deals with other environmental issues such as noise, thermal comfort and natural ventilation design. | ||
| 650 | _aGREEN BUILDINGS | ||
| 650 | _aENERGY EFFICENCY | ||
| 650 | _aENVIRONMENTALLY FRIENDLY BUILDINGS | ||
| 650 | _aDESIGN | ||
| 650 |
_aEnvironment _96238 |
||
| 690 | _aBUILT ENVIRONMENT-CONSTRUCTION DESIGN | ||
| 700 | _aSteemers, Koen | ||
| 942 | _n0 | ||
| 999 |
_c101099 _d101099 |
||